00227 a2200109 4500001000700000040001100007100001700018240003500035245003000070300000800100362000900108195052 cMagnum aKinney, Jeff10aDiário de uma Banana 12lpor10aDiário de uma Banana 12 a2290 a2017